<?xml version="1.0" encoding="UTF-8"?>
<record
    xmlns:xsi="http://www.w3.org/2001/XMLSchema-instance"
    xsi:schemaLocation="http://www.loc.gov/MARC21/slim http://www.loc.gov/standards/marcxml/schema/MARC21slim.xsd"
    xmlns="http://www.loc.gov/MARC21/slim">

  <leader>01984nam a2200229 a 4500</leader>
  <controlfield tag="001">000000227</controlfield>
  <controlfield tag="003">DO-SdBNP</controlfield>
  <controlfield tag="005">20250306142840.0</controlfield>
  <controlfield tag="008">081117s2003    dr            000 0 spa d</controlfield>
  <datafield tag="040" ind1=" " ind2=" ">
    <subfield code="a">DO-SdBNP</subfield>
    <subfield code="b">spa</subfield>
    <subfield code="c">BNPHU</subfield>
  </datafield>
  <datafield tag="082" ind1=" " ind2=" ">
    <subfield code="a">174.937</subfield>
    <subfield code="b">S583e</subfield>
  </datafield>
  <datafield tag="100" ind1="1" ind2=" ">
    <subfield code="a"> Sili&#xE9; Gat&#xF3;n, Jos&#xE9; A., </subfield>
    <subfield code="d">1920-2014</subfield>
    <subfield code="9">747</subfield>
  </datafield>
  <datafield tag="245" ind1="1" ind2="0">
    <subfield code="a">&#xC9;tica del docente universitario /</subfield>
    <subfield code="c">Jos&#xE9; A. Gat&#xF3;n Silie.</subfield>
  </datafield>
  <datafield tag="260" ind1=" " ind2=" ">
    <subfield code="a">Santo Domingo :</subfield>
    <subfield code="b">Facultad de Ciencias Jur&#xED;dicas y Pol&#xED;ticas,</subfield>
    <subfield code="c">2003.</subfield>
  </datafield>
  <datafield tag="300" ind1=" " ind2=" ">
    <subfield code="a">204 p. ;</subfield>
    <subfield code="c">21 cm.</subfield>
  </datafield>
  <datafield tag="505" ind1="0" ind2=" ">
    <subfield code="t">Presentaci&#xF3;n --</subfield>
    <subfield code="t">Pr&#xF3;logo --</subfield>
    <subfield code="t">Introducci&#xF3;n --</subfield>
    <subfield code="t">Cuando se quiere ser profesor universitario --</subfield>
    <subfield code="t">El secreto de los efectos --</subfield>
    <subfield code="t">Conversi&#xF3;n universitaria de la sociedad --</subfield>
    <subfield code="t">Personalidad del profesor --</subfield>
    <subfield code="t">Orgullo Universitario --</subfield>
    <subfield code="t">Trabajo acad&#xE9;mico --</subfield>
    <subfield code="t">Sencibilidad universitaria --</subfield>
    <subfield code="t">&#xC9;tica del profesor --</subfield>
    <subfield code="t">Atributos &#xE9;ticos --</subfield>
    <subfield code="t">El est&#xED;mulo de la individualidad --</subfield>
    <subfield code="t">Proyecciones &#xE9;tica del profesor --</subfield>
    <subfield code="t">&#xC9;tica profesor-estudiante --</subfield>
    <subfield code="t">Experiencia docente --</subfield>
    <subfield code="t">Responsabilidad profesional --</subfield>
    <subfield code="t">Vocaci&#xF3;n profesoral --</subfield>
    <subfield code="t">Deseo de superaci&#xF3;n --</subfield>
    <subfield code="t">Autoridad intelectual --</subfield>
    <subfield code="t">Liderazgo profesoral --</subfield>
    <subfield code="t">Funci&#xF3;n magistral --</subfield>
    <subfield code="t">Cultura profesional --</subfield>
    <subfield code="t">Disertaci&#xF3;n acad&#xE9;mica --</subfield>
    <subfield code="t">La ciencia y el profesor --</subfield>
    <subfield code="t">Exactitud profesoral --</subfield>
    <subfield code="t">Superaci&#xF3;n profesoral --</subfield>
    <subfield code="t">Confianza acad&#xE9;mica --</subfield>
    <subfield code="t">El gusto de ense&#xF1;ar --</subfield>
    <subfield code="t">Lenguaje del profesor --</subfield>
    <subfield code="t">El tiempo de c&#xE1;tedra --</subfield>
    <subfield code="t">Un deber profesoral --</subfield>
    <subfield code="t">Capital humano --</subfield>
    <subfield code="t">Orientaci&#xF3;n al estudiante --</subfield>
    <subfield code="t">Penetraci&#xF3;n espiritual --</subfield>
    <subfield code="t">El a&#xF1;o sab&#xE1;tico --</subfield>
    <subfield code="t">Concurso de oposici&#xF3;n --</subfield>
    <subfield code="t">Exigencias del profesor --</subfield>
    <subfield code="t">Elogio al profesor --</subfield>
    <subfield code="t">Salutaciones del autor a sus estudiantes un primer d&#xED;a de clase --</subfield>
    <subfield code="t">Obras consultadas --</subfield>
    <subfield code="t">Dr. Jos&#xE9; A. Sili&#xE9; Gat&#xF3;n --</subfield>
    <subfield code="t">&#xCD;ndice.</subfield>
  </datafield>
  <datafield tag="590" ind1=" " ind2=" ">
    <subfield code="a">Inventariado, 2018/MFF</subfield>
  </datafield>
  <datafield tag="650" ind1=" " ind2="4">
    <subfield code="a">Profesores universitarios</subfield>
    <subfield code="x">&#xC9;tica profesional</subfield>
    <subfield code="9">748</subfield>
  </datafield>
  <datafield tag="710" ind1="1" ind2=" ">
    <subfield code="a">Universidad Aut&#xF3;noma de Santo Domingo</subfield>
    <subfield code="b">Facultad de ciencias jur&#xED;dicas y pol&#xED;ticas</subfield>
    <subfield code="9">72951</subfield>
  </datafield>
  <datafield tag="910" ind1=" " ind2=" ">
    <subfield code="a">Validado. Control de calidad MFF</subfield>
  </datafield>
  <datafield tag="942" ind1=" " ind2=" ">
    <subfield code="2">ddc</subfield>
    <subfield code="c">LBS1</subfield>
  </datafield>
  <datafield tag="952" ind1=" " ind2=" ">
    <subfield code="0">0</subfield>
    <subfield code="1">0</subfield>
    <subfield code="5">4</subfield>
    <subfield code="7">5</subfield>
    <subfield code="8">DS</subfield>
    <subfield code="a">BNPHU</subfield>
    <subfield code="b">BNPHU</subfield>
    <subfield code="c">HD</subfield>
    <subfield code="d">2013-03-14</subfield>
    <subfield code="i">LF1</subfield>
    <subfield code="l">0</subfield>
    <subfield code="o">174.937 S583e</subfield>
    <subfield code="p">227-50</subfield>
    <subfield code="r">2020-06-25</subfield>
    <subfield code="t">e. 5</subfield>
    <subfield code="w">2020-06-25</subfield>
    <subfield code="y">LF1</subfield>
    <subfield code="Z">Pr&#xE9;stamo en sala</subfield>
  </datafield>
  <datafield tag="952" ind1=" " ind2=" ">
    <subfield code="0">0</subfield>
    <subfield code="1">0</subfield>
    <subfield code="5">4</subfield>
    <subfield code="7">5</subfield>
    <subfield code="8">DS</subfield>
    <subfield code="a">BNPHU</subfield>
    <subfield code="b">BNPHU</subfield>
    <subfield code="c">HD</subfield>
    <subfield code="d">2009-06-23</subfield>
    <subfield code="e">053304</subfield>
    <subfield code="i">LF1</subfield>
    <subfield code="l">0</subfield>
    <subfield code="o">174.937 S583e</subfield>
    <subfield code="p">227-30</subfield>
    <subfield code="r">2020-06-25</subfield>
    <subfield code="t">e. 3</subfield>
    <subfield code="w">2020-06-25</subfield>
    <subfield code="y">LF1</subfield>
    <subfield code="Z">Pr&#xE9;stamo en sala</subfield>
  </datafield>
  <datafield tag="952" ind1=" " ind2=" ">
    <subfield code="0">0</subfield>
    <subfield code="1">0</subfield>
    <subfield code="5">4</subfield>
    <subfield code="7">5</subfield>
    <subfield code="8">DS</subfield>
    <subfield code="a">BNPHU</subfield>
    <subfield code="b">BNPHU</subfield>
    <subfield code="c">HD</subfield>
    <subfield code="d">2009-06-23</subfield>
    <subfield code="e">054412</subfield>
    <subfield code="i">LF1</subfield>
    <subfield code="l">0</subfield>
    <subfield code="o">174.937 S583e</subfield>
    <subfield code="p">227-40</subfield>
    <subfield code="r">2020-06-25</subfield>
    <subfield code="t">e. 4</subfield>
    <subfield code="w">2020-06-25</subfield>
    <subfield code="y">LF1</subfield>
    <subfield code="Z">Pr&#xE9;stamo en sala</subfield>
  </datafield>
  <datafield tag="952" ind1=" " ind2=" ">
    <subfield code="0">0</subfield>
    <subfield code="1">0</subfield>
    <subfield code="7">1</subfield>
    <subfield code="8">PD</subfield>
    <subfield code="a">BNPHU</subfield>
    <subfield code="b">BNPHU</subfield>
    <subfield code="c">HD</subfield>
    <subfield code="d">2009-06-23</subfield>
    <subfield code="e">053302</subfield>
    <subfield code="i">LF1</subfield>
    <subfield code="l">0</subfield>
    <subfield code="o">174.937 S583e</subfield>
    <subfield code="p">227-10</subfield>
    <subfield code="r">2020-06-25</subfield>
    <subfield code="w">2020-06-25</subfield>
    <subfield code="y">1</subfield>
    <subfield code="Z">No se presta</subfield>
  </datafield>
  <datafield tag="952" ind1=" " ind2=" ">
    <subfield code="0">0</subfield>
    <subfield code="1">0</subfield>
    <subfield code="7">1</subfield>
    <subfield code="8">PD</subfield>
    <subfield code="a">BNPHU</subfield>
    <subfield code="b">BNPHU</subfield>
    <subfield code="c">HD</subfield>
    <subfield code="d">2009-06-23</subfield>
    <subfield code="e">053303</subfield>
    <subfield code="i">LF1</subfield>
    <subfield code="l">0</subfield>
    <subfield code="o">174.937 S583e</subfield>
    <subfield code="p">227-20</subfield>
    <subfield code="r">2020-06-25</subfield>
    <subfield code="t">e. 2</subfield>
    <subfield code="w">2020-06-25</subfield>
    <subfield code="y">1</subfield>
    <subfield code="Z">No se presta</subfield>
  </datafield>
  <datafield tag="999" ind1=" " ind2=" ">
    <subfield code="c">227</subfield>
    <subfield code="d">227</subfield>
  </datafield>
</record>
